Online
Catalog

Agonía desmedida / (Record no. 60749)

MARC details
000 -CABECERA
campo de control de longitud fija 03132nam a2200349 i 4500
003 - IDENTIFICADOR DEL NÚMERO DE CONTROL
campo de control DO-SdBNP
005 - FECHA Y HORA DE LA ÚLTIMA TRANSACCIÓN
campo de control 20260515092220.0
007 - CAMPO FIJO DE DESCRIPCIÓN FÍSICA--INFORMACIÓN GENERAL
campo de control de longitud fija ta
008 - DATOS DE LONGITUD FIJA--INFORMACIÓN GENERAL
campo de control de longitud fija 260515e2025 dr p|||gr|||||||| pbspa d
020 ## - NÚMERO INTERNACIONAL ESTÁNDAR DEL LIBRO
Número Internacional Estándar del Libro 9789945518689
040 ## - FUENTE DE LA CATALOGACIÓN
Centro catalogador/agencia de origen DO-SdBNP
Lengua de catalogación spa
Centro/agencia transcriptor BNPHU
Normas de descripción RDA
041 ## - CÓDIGO DE LENGUA
Código de lengua del texto/banda sonora o título independiente spa
082 ## - NÚMERO DE LA CLASIFICACIÓN DECIMAL DEWEY
Número de clasificación RD 861.45
Número de edición S253a 2025
Número de documento/Ítem 22
100 ## - ENTRADA PRINCIPAL--NOMBRE DE PERSONA
Nombre de persona Satake-Torena, Masako
Término indicativo de función/relación autor
9 (RLIN) 89577
245 ## - MENCIÓN DE TÍTULO
Título Agonía desmedida /
Mención de responsabilidad, etc. Masako Satake-Torena [y otros cuatro].
264 ## - PRODUCCIÓN, PUBLICACIÓN, DISTRIBUCIÓN, FABRICACIÓN Y COPYRIGHT
Producción, publicación, distribución, fabricación y copyright Santo Domingo, República Dominicana :
Nombre del de productor, editor, distribuidor, fabricante Imp. Publicaciones Libertad,
Fecha de producción, publicación, distribución, fabricación o copyright 2025.
300 ## - DESCRIPCIÓN FÍSICA
Extensión 72 páginas :
Otras características físicas ilustraciones ;
Dimensiones 21 x 14 cm.
336 ## - TIPO DE CONTENIDO
Término de tipo de contenido texto
Código de tipo de contenido txt
Fuente rdacontent
337 ## - TIPO DE MEDIO
Nombre/término del tipo de medio sin mediación
Código del tipo de medio n
Fuente rdamedia
338 ## - TIPO DE SOPORTE
Nombre/término del tipo de soporte volumen
Código del tipo de soporte nc
Fuente rdacarrier
500 ## - NOTA GENERAL
Nota general Incluye biografía en la cubierta superior.
505 ## - NOTA DE CONTENIDO CON FORMATO
Nota de contenido con formato Dedicatoria 7 -- Prologo I 8 -- Prologo II 10 -- Agonía 13 -- Almas gemelas 14 -- 11:00 AM 15 -- Alzheimer y yo 16 -- Año viejo 18 -- Ausencia 20 -- Celos 21 -- El circo 22 -- El día que no recuerde 23 -- En la próxima vida 25 -- Encontré mi alma 26 -- Eras tu mi hombre 28 -- Extraño tus abrazos 29 -- La aventura 30 -- La que más perdí 31 -- Intangible 32 -- Mi Interior 33 -- Jaula de Cristal 34 -- Mi Dolor 35 -- Nacimiento 36 -- Pecado Original 37 -- Si pudiera hija mía 38 -- Ecos 40 -- Solo palabras vanas 41 -- Solo tú 42 -- Soledad 44 -- Euforia 45 -- Esperanza 47 -- Cómplice 48 -- Mis infiernos 49 -- Desnúdame ahora 51 -- Frágil 52 -- Hojas de otoño 53 -- Inconcluso I 55 -- Inconcluso II 56 -- Inconcluso III 58 -- Decepción 59 -- Imperfecto 61 -- Primer llamado 62 -- Paso rápido 63 -- Tarde 64 -- Vacío 66.
520 ## - SUMARIO, ETC.
Sumario, etc. La agonía desmedida: un viaje poético” de nuestra amiga Masako Satake-Torena, nos sumerge en el abismo de la pasión, donde el amor y el dolor se entrelazan y la agonía desmedida se convierte en un estado permanente. En este espacio, la razón se desvanece y la emoción se convierte en la única verdad. La belleza y la destrucción se funden en un abrazo fatal, donde la voz que susurra es la de un corazón que late con intensidad, que sangra<br/>con cada verso y que grita con cada silencio. La agonía desmedida es un estado de ánimo, un clima emocional que se cierne sobre la existencia como una nube oscura. Es un recordatorio de que el amor y el dolor son dos caras de la misma moneda, y que la intensidad de uno puede ser directamente proporcional a la profundidad del otro. En este poemario, te invito a sumergirte en el mundo de la agonía desmedida, a sentir el pulso de la pasión y el dolor, a experimentar la intensidad de la emoción y la búsqueda de la verdad. La poesía se convierte en un acto de supervivencia, un intento de dar sentido a lo que parece no tenerlo.
590 ## - NOTA LOCAL (RLIN)
Nota local Inventariado, 2026/WG.
650 ## - PUNTO DE ACCESO ADICIONAL DE MATERIA--TÉRMINO DE MATERIA
Término de materia o nombre geográfico como elemento de entrada Poesía dominicana
650 #7 - PUNTO DE ACCESO ADICIONAL DE MATERIA--TÉRMINO DE MATERIA
Término de materia o nombre geográfico como elemento de entrada Literatura dominicana
9 (RLIN) 1994
700 ## - PUNTO DE ACCESO ADICIONAL--NOMBRE DE PERSONA
Nombre de persona Galván, Juan
Término indicativo de función/relación cuidado del texto
9 (RLIN) 87452
700 ## - PUNTO DE ACCESO ADICIONAL--NOMBRE DE PERSONA
Nombre de persona Castillo, Aurelia
Término indicativo de función/relación cuidado del texto
9 (RLIN) 76355
700 ## - PUNTO DE ACCESO ADICIONAL--NOMBRE DE PERSONA
Nombre de persona Díaz Jaquez, Altagracia
Término indicativo de función/relación corrección de estilo
9 (RLIN) 89578
700 ## - PUNTO DE ACCESO ADICIONAL--NOMBRE DE PERSONA
Nombre de persona Medina, Ludwig
Término indicativo de función/relación diagramación
9 (RLIN) 102024
942 ## - ELEMENTOS DE PUNTO DE ACCESO ADICIONAL (KOHA)
Fuente del sistema de clasificación o colocación Dewey Decimal Classification
Tipo de ítem Koha Libro
Holdings
Estado de retiro Estado de pérdida Fuente del sistema de clasificación o colocación Restricciones de uso No para préstamo Código de colección Localización permanente Ubicación/localización actual Ubicación en estantería Fecha de adquisición Total de préstamos Signatura topográfica completa Código de barras Fecha visto por última vez Precio válido a partir de Tipo de ítem Koha Número de copia
    Dewey Decimal Classification Excluido de préstamo   Patrimonio Dominicano Biblioteca Nacional Pedro Henríquez Ureña Biblioteca Nacional Pedro Henríquez Ureña En catalogación 15.05.2026   RD 861.45 S253a 2025 2026-4112 15.05.2026 15.05.2026 Libro  
    Dewey Decimal Classification Excluido de préstamo   Patrimonio Dominicano Biblioteca Nacional Pedro Henríquez Ureña Biblioteca Nacional Pedro Henríquez Ureña En catalogación 15.05.2026   RD 861.45 S253a 2025 2026-4113 15.05.2026 15.05.2026 Libro e.2
    Dewey Decimal Classification Excluido de préstamo   Patrimonio Dominicano Biblioteca Nacional Pedro Henríquez Ureña Biblioteca Nacional Pedro Henríquez Ureña En catalogación 15.05.2026   RD 861.45 S253a 2025 2026-4114 15.05.2026 15.05.2026 Libro e.3

Powered by Koha